[Event "FIDE World Championship 2021"]
[Site "Dubai"]
[Date "2021.12.05"]
[Round "8.1"]
[White "Carlsen, Magnus"]
[Black "Nepomniachtchi, Ian"]
[Result "1-0"]
[WhiteElo "2855"]
[BlackElo "2782"]
[Annotator "TA"]
[PlyCount "91"]
[EventDate "2021.??.??"]
[SourceTitle "playchess.com"]
[Source "ChessBase"]
[SourceQuality "1"]

{[%evp 12,91,23,0,10,5,22,25,30,6,29,26,29,29,29,24,20,25,45,34,43,45,43,41,39,
28,24,19,37,15,22,15,58,60,83,85,114,114,223,213,239,243,252,261,265,247,358,
345,378,348,420,417,420,396,407,389,3055,2739,2802,1474,1870,1606,1400,1230,
1219,1175,762,1084,864,712,493,461,1566,1614,2229,1375,2740,2802,2059,2081,
2274,1777]} 1. e4 e5 2. Nf3 Nf6 3. d4 Nxe4 4. Bd3 d5 5. Nxe5 Nd7 6. Nxd7 Bxd7
7. Nd2 {Uma rara continuação que não foi jogada no nível de elite. Mesmo
aqueles jogos de 2300 e 2400 jogadores não conseguiram uma vitória.} (7. O-O
{is interesting.} Bd6 8. Qh5 Nf6 9. Re1+ Kf8 10. Qe2) 7... Nxd2 {C43: Petroff
Defence: 3 d4.} 8. Bxd2 Bd6 {Este movimento confundiu Carlsen "As pretas
realmente não deveriam ser Bd6".} ({Relevante} 8... Qe7+ 9. Qe2 Qxe2+ 10. Kxe2
$11 {Bokros, A (2468) -Popchev, M (2456) Porto San Giorgio 2007 )}) 9. O-O {[#]
} h5 $146 {White has an edge. Uma verdadeira escolha de luta de Nepomniachtchi
foi jogada após quase 17 minutos de reflexão. Pode até ser a melhor jogada.
Também pode ter sido uma preparação - Nepomniachtchi não esperava essa
linha e, portanto, talvez tenha pensado um pouco para se lembrar dos detalhes
da ideia. "Depois de h5 esperava um jogo mais tenso - Qe7 foi uma decisão
prática brilhante. Oferecer um empate silenciosamente."} ({Predecessor:} 9...
Qh4 10. Qe1+ Kf8 11. f4 Qxe1 12. Raxe1 Re8 13. a3 a6 14. Bb4 Bxb4 15. axb4 f6
16. Rxe8+ Bxe8 {1 / 2-1 / 2 (31) Gergacz, A (2421) -Bodo, N (2406) Hungria
2010 )}) (9... O-O 10. Qh5 f5 {é o tipo de problema em que o negro pode
entrar rapidamente.}) (9... Be6 10. f4 (10. Re1 Qf6 11. Qh5) 10... Qf6 $11 {
mas você teria que ter muita certeza dos detalhes.}) 10. Qe1+ {Jogado depois
de um pensamento de 40 minutos. Com a melhor jogada, isso é quase igual, mas,
no entanto, é uma jogada muito inteligente. Nepomniachtchi tem que decidir o
que quer desse jogo - não tenho certeza se ele já decidiu. Carlsen disse que
estava lutando para calcular as linhas corretamente e com Qe7 ele achou que o
jogo provavelmente terminaria empatado. ( 10. c4 é provavelmente o que será
tentado a seguir, quando as pessoas inevitavelmente seguirem os passos deste
jogo. Isso não é algo que você possa culpar Carlsen por recusar.)} (10. c4 {
keeps more tension.} Qh4 11. g3 Qxd4 12. Bc3 Qg4 13. Qxg4 Bxg4 14. Bxg7 Rg8 15.
Rfe1+) 10... Kf8 $5 {Embora não seja tão ruim no panorama geral, este é o
início de Nepomniachtchi se colocando sob pressão. Depois do jogo,
Nepomniachtchi admitiu que foi um pouco artificial. Após o jogo,
Nepomniachtchi disse que não viu grande diferença entre esta jogada e Qe7 e
que pensou que o jogo terminaria empatado de qualquer maneira.} (10... Qe7 {
Olha o caminho para a igualdade.} 11. Qxe7+ Kxe7 12. Rfe1+ Kf6 13. h4 Bf5) 11.
Bb4 Qe7 12. Bxd6 Qxd6 13. Qd2 Re8 14. Rae1 Rh6 (14... Rxe1 15. Rxe1 g6 {
era provavelmente o caminho mais seguro para o desenvolvimento.}) 15. Qg5 c6
16. Rxe8+ Bxe8 17. Re1 Qf6 18. Qe3 {[%csl Ge1][%cal Re3e8] [#]} (18. Qg3 {
é o movimento marginalmente preferido pelos computadores.} Qd6 19. Re5) 18...
Bd7 19. h3 {Caruana considerou esta uma das jogadas mais impressionantes do
jogo. Criando altivez para o rei em algumas variações importantes.} h4 (19...
g5 {Se Nepomniachtchi realmente quisesse lutar hoje, essa poderia ter sido a
chance. As perspectivas são aproximadamente iguais, de acordo com Stockfish
13. Não parecia que ele havia considerado isso.}) (19... Qd6 {foi uma
alternativa sugerida por Nepomniachtchi após o jogo.} 20. Qg5 Qf6 21. Qg3 Qd6
22. Re5) 20. c4 $36 {[%mdl 2048] Carlsen começa a fazer algumas perguntas a
Nepomniachtchi e ele desmaia. Nepomniachtchi achava que isso havia se tornado
"um pouco desagradável" nesse estágio.} dxc4 (20... Qd8 {é recomendado por
alguns motores - não tenho certeza se é bom. 21.} 21. cxd5 cxd5 22. Qf4 g5 {
é uma jogada interessante que poderia muito bem ter sido mais adequada para
Nepomniachtchi.}) 21. Bxc4 {Strongly threatening Qa3+.} b5 $2 {Uma estocada
selvagem que é muito ruim. Jogado após pensamento de 4 minutos.
Nepomniachtchi teve muito tempo, disse ele após o jogo "é difícil defender
depois de um erro tão grave".} (21... Kg8 $11 {consertar os problemas da
ultima fila do preto é provavelmente o melhor aqui.}) 22. Qa3+ $14 Kg8 {
[#] White leaves nothing to chance now.} 23. Qxa7 $1 Qd8 {Isso mansamente vai
para a perda. Carlsen estava superconcentrado de agora em diante. Uma lição
muito boa para todos nós. É uma vitória e ele fez questão de não dar
chance ao adversário.} (23... Bxh3 {Provavelmente deveria ser tentado, mas
parece que as brancas venceriam assim mesmo..} 24. Re8+ (24. Qxf7+ Qxf7 25.
Re8+ Kh7 26. Bxf7 Bf5 {e ainda há trabalho a ser feito.}) (24. Bxb5) 24... Kh7
25. Qxf7 {Também funciona}) (23... bxc4 24. Qxd7 {Nepomniachtchi disse que
"esqueceu" que seu bispo estava pendurado nesta linha. Este foi um cálculo
muito pobre}) 24. Bb3 {White is much more active.} Rd6 (24... Rh5 $16 {was
worth a try. Teria sido melhor} 25. Re3 (25. Qa3 Rg5) 25... Rf5) 25. Re4 $18
Be6 {Trocar mais peças, se forçado, é um péssimo negócio para o preto.} (
25... Rg6 {indo para um contra-ataque poderia ser tentado, embora} 26. Rf4 Rf6
27. Rxf6 gxf6 28. Qc5) 26. Bxe6 Rxe6 27. Rxe6 fxe6 {[%mdl 4096] Endgame KQ-KQ}
28. Qc5 {Carlsen gastou seu tempo novamente. Existem vários caminhos para a
vitória, mas Carlsen não tinha pressa. Este é o melhor movimento.} Qa5 (
28... Qe8 {was necessary. Nada vai funcionar aqui contra a melhor jogada, mas
talvez seja uma tentativa agarrar-se ao material no momento.} 29. a3 Qg6 30.
Qxc6 Qb1+ 31. Kh2 Qf5) 29. Qxc6 Qe1+ 30. Kh2 Qxf2 {Na verdade, a única chance
é o cheque perpétuo, mas Nepomniachtchi não chega nem perto.} 31. Qxe6+ Kh7
32. Qe4+ Kg8 33. b3 (33. b4) (33. d5 Qxb2 34. d6 Qd2 35. Qe6+ Kh7 36. d7 {
também ganha, mas haverá verificações.}) 33... Qxa2 $2 (33... Qg3+ 34. Kg1
Qc3) 34. Qe8+ {White is clearly winning.} Kh7 35. Qxb5 Qf2 36. Qe5 Qb2 37. Qe4+
Kg8 38. Qd3 Qf2 39. Qc3 Qf4+ 40. Kg1 Kh7 41. Qd3+ g6 (41... Kg8 $142 42. Qc4+
Kh8) 42. Qd1 {As brancas estão tão ganhando aqui que podem se dar ao luxo de
cortar todos os cheques.} Qe3+ 43. Kh1 {d5 is the strong threat.} g5 {A
última chance desesperada é abrir o rei branco.} 44. d5 {Intending d6 and
mate.} g4 45. hxg4 {Hoping for d6.} h3 46. Qf3 {Terminam as coisas
imediatamente.} 1-0

[Event "FIDE World Championship 2021"]
[Site "Dubai"]
[Date "2021.12.07"]
[Round "9.1"]
[White "Nepomniachtchi, Ian"]
[Black "Carlsen, Magnus"]
[Result "0-1"]
[WhiteElo "2782"]
[BlackElo "2855"]
[Annotator "TA"]
[PlyCount "78"]
[EventDate "2021.??.??"]
[SourceTitle "playchess.com"]
[Source "ChessBase"]
[SourceQuality "1"]

1. c4 {Uma mudança no repertório.} e6 2. g3 d5 3. Bg2 d4 4. Nf3 Nc6 {Mais
uma vez, Carlsen escolhe uma variação que não foi jogada no nível mais
alto. Nc6, em vez de c5, foi tocado por vários GMs, mas nunca pelos melhores.
( 4 ... c5)} 5. O-O Bc5 6. d3 {A13: English Opening: 1...e6.} Nf6 7. Nbd2 {
Relevante seria} (7. Na3 O-O 8. Nc2 a5 9. b3 e5 10. Bb2 Bf5 11. a3 Qd6 12. Nh4
Bg4 13. Qd2 Rad8 14. h3 Bc8 15. Rab1 Rfe8 16. Bc1 e4 17. b4 axb4 18. axb4 Ba7
19. Ra1 Bb8 20. Bb2 e3 21. Qe1 g5 22. Nf3 g4 23. Nfxd4 Nxd4 24. Bxd4 gxh3 25.
fxe3 Ng4 26. Bf3 c6 27. Ra5 Qg6 28. Bxg4 Qxg4 29. Qf2 f5 30. Qf3 Qg6 31. Kh2 h5
32. Kxh3 f4+ 33. Kh4 Bg4 34. Rg5 Qxg5+ 35. Kxg5 Bxf3 36. Rxf3 fxg3 {Rapport, R
(2763) -Wei, Y (2732) Chess.com INT 2021 1 / 2-1 / 2 (103) )}) 7... a5 8. Nb3 {
White has an edge.} Be7 9. e3 {[#]} dxe3 $146 ({Predecessor:} 9... e5 10. exd4
exd4 11. Re1 O-O 12. Ne5 Nxe5 13. Rxe5 c6 14. Qe1 Bb4 15. Bd2 Bxd2 16. Qxd2 {
1-0 (45) Gabuzyan,H (2587)-Bellahcene,B (2497) Krasnaya Polyana 2021} a4 17.
Ra5 Rxa5 18. Nxa5 Re8 19. Re1 h6 20. b4 Re7 21. a3 Qe8 22. Kf1 Be6 23. h3 h5
24. Kg1 Bf5 25. Rxe7 Qxe7 26. Qf4 Bxd3 27. Qxd4 Be4 28. Qe3 Kf8 29. f3 Bc2 30.
Qxe7+ Kxe7 31. Nxb7 Kd7 32. Kf2 Kc7 33. Nc5 Ne8 34. Bf1 Nd6 35. Ke1 Nf5 36. g4
Nd4 37. Kd2 Bb3 38. f4 hxg4 39. hxg4) 10. Bxe3 {Não está claro quando a
preparação de qualquer um dos jogadores terminou - esta é uma posição de
luta para ambos os lados. Carlsen começou a usar muito mais tempo do que
Nepomniachtchi.} Ng4 $5 {Uma ideia muito ousada. Sugere que Carlsen examinou
isso ou algo semelhante na preparação.} 11. Bc5 O-O 12. d4 a4 13. Bxe7 Qxe7
14. Nc5 a3 {Carlsen parecia muito infeliz com sua posição aqui.} (14... e5
15. Re1 Rd8 16. b4 {foi um jogo de computador Stockfish vs Koivisto 7.9 que
Matthew Sadler disse que corria.}) 15. bxa3 {Jogando fora toda a vantagem das
brancas e jogando depois de pensar apenas alguns minutos. Neponiachtchi
novamente perdeu um momento importante e fez uma jogada superficial.} (15. b4 {
Continuação crítica} Nxb4 16. Rb1 b6 (16... Nc6 17. Nxb7 Rb8) 17. Rxb4 bxc5
18. Rb5) 15... Rd8 16. Nb3 Nf6 17. Re1 Qxa3 18. Qe2 h6 19. h4 Bd7 20. Ne5 Be8
21. Qe3 Qb4 (21... Ra7) 22. Reb1 Nxe5 (22... Ra3 $5 {[%cal Rc6d4]}) 23. dxe5
Ng4 $5 {Com base em um erro de cálculo, mas o dano não é tão ruim.} (23...
Nd7 {Era alternativa definitiva} 24. Rd1 Rab8) 24. Qe1 Qxe1+ ({Don't take} 
24... Qxc4 25. f3 $16) 25. Rxe1 h5 (25... Rd3 {Forma muito dinâmica de
segurar.}) 26. Bxb7 Ra4 27. c5 $2 {Carlsen imediatamente pareceu chocado.
Nepomniachtchi estava fora do palco e não sabia que havia cometido um erro
terrível até que seu oponente se mexeu. As brancas têm uma série de
movimentos que deixam a posição interessante, mas também quase igual.} (27.
f3 $11 {and White has nothing to worry.} Nh6 28. Be4) (27. Nc5 Ra5 (27... Rxc4
{Talvez não seja a melhor variante para o preto.} 28. Rac1 Rxc1 29. Rxc1 Nxe5
{Igual}) (27... Ra3 {Igual. Também recomendado pela máquina} 28. f3 {foi o
foco da discussão dos jogadores após o jogo.} Nh6 29. Be4 Nf5 30. Red1 Rxd1+
31. Rxd1 Kf8 32. Bxf5 exf5) 28. Rec1) 27... c6 $1 $19 {[%mdl 1024] White must
now prevent ...Rb8. Black has strong compensation. Alerta. O bispo de White
está preso e não há nada a ser feito. O jogo acabou.} 28. f3 Nh6 29. Re4 Ra7
30. Rb4 Rb8 31. a4 ({Avoid the trap} 31. Bxc6 $2 Rxb4 32. Bxe8 Rxb3 $1 {
[%mdl 512]} 33. axb3 Rxa1+ $19) 31... Raxb7 32. Rb6 {A posição está
completamente perdida, mas é a melhor tentativa possível.} (32. Rxb7 Rxb7 33.
Nd2) 32... Rxb6 33. cxb6 Rxb6 34. Nc5 Nf5 35. a5 Rb8 {[%cal Bb6b8,Bb8d8,Bd8a8]
[%mdl 32]} 36. a6 Nxg3 {Um movimento altamente baseado em princípios. Agora,
muitos finais são perdidos para o branco.} (36... Nd4 {Também funciona bem})
37. Na4 {[%cal Oa4b6]} c5 {...Bxa4 is the strong threat.} 38. a7 {[#]} Rd8 {
And now ... Bxa4 would win. Só para ressaltar que esta é a única
continuação vencedora aqui.} ({Not} 38... Ne2+ 39. Kf2 Ra8 40. Nb6 Rxa7 41.
Rxa7 $16) 39. Nxc5 (39. Rb1 {Seria outra alternativa} Ra8 40. Rb8 Rxa7 41.
Rxe8+ Kh7 42. Nxc5 Nf5 {Deixa o branco com apenas um peão abaixo, mas sua
posição é completamente perdida, pois ele perde pelo menos h4 e e5
permanece fraco.}) 39... Ra8 {Weighted Error Value: White=0.24 (precise) /
Black=0.03 (flawless)} 0-1

[Event "FIDE World Championship 2021"]
[Site "Dubai"]
[Date "2021.12.08"]
[Round "10.1"]
[White "Carlsen, Magnus"]
[Black "Nepomniachtchi, Ian"]
[Result "1/2-1/2"]
[WhiteElo "2855"]
[BlackElo "2782"]
[Annotator "TA"]
[PlyCount "81"]
[EventDate "2021.??.??"]
[SourceTitle "playchess.com"]
[Source "ChessBase"]
[SourceQuality "1"]

{[%evp 9,81,24,25,18,18,10,31,0,3,-12,0,0,6,4,0,3,6,0,0,0,0,0,10,10,8,2,9,8,17,
16,14,14,17,14,9,13,8,17,12,0,0,0,0,0,0,0,0,0,0,0,0,0,0,0,0,0,0,0,0,0,0,0,0,0,
0,0,0,0,0,0,0,0,0,0]} 1. e4 e5 2. Nf3 Nf6 (2... Nc6 3. Bb5 Nf6 4. O-O Nxe4 5.
d4 Nd6 6. Bxc6 dxc6 7. dxe5 Nf5 8. Qxd8+ Kxd8 9. Rd1+ Ke8 10. Nc3 Be6 11. Ng5
Bc8 12. h3 Be7 13. Nf3 h5 14. Ne2 Nh4 15. Nxh4 Bxh4 16. g3 Be7 17. Kg2 Bf5 18.
c3 c5 {½-½ (39) Carlsen,M (2855)-Nepomniachtchi,I (2792) Stavanger 2021}) 3.
Nxe5 d6 4. Nd3 (4. Nf3 Nxe4 5. d4 d5 6. Bd3 Bf5 7. O-O Be7 8. c4 dxc4 9. Bxc4
O-O 10. Nc3 Nc6 11. Re1 Nd6 12. Bd5 Nb4 13. Bb3 Nd3 14. Re3 Nxc1 15. Rxc1 Bg4
16. h3 Bxf3 17. Rxf3 Bg5 18. Rc2 c6 19. Na4 Re8 20. g3 Qe7 21. Kg2 Qe1 22. Qxe1
Rxe1 23. Nc5 Re7 24. Rd3 Rc8 25. d5 Rec7 26. dxc6 Rxc6 27. Re2 Rxc5 28. Rxd6
Kf8 29. Rd7 R5c7 30. Rxc7 Rxc7 31. Rc2 $11 {Grischuk,A (2773)-Duda,J (2756)
Terme Catez 2021 )}) 4... Nxe4 5. Qe2 Qe7 6. Nf4 {C42: Petroff Defence: 3 Nxe5
and unusual White 3rd moves.} Nf6 {To avoid Nd5 6...Nc6 injects fresh life
into this line.} 7. d4 Nc6 {Um novo movimento embora o jogo transpõe
brevemente de volta à teoria. Carlsen pensou por 18 minutos aqui. Ele poderia
entrar em linhas afiadas com Be3 que quase certamente seria seguido pelo G5 ou
ele poderia levar o jogo para águas mais calmas com um empate o resultado
mais provável. Parece que ele estava tentado, mas no final sua vantagem de
três pontos significava que a decisão sensata era entrar em uma variação
extremamente empatada.} 8. c3 {[#] White is slightly better.} (8. Be3 g5) 8...
d5 $146 {The position is equal.} ({Predecessor:} 8... Bf5 9. f3 h5 10. h4 O-O-O
11. Qxe7 Nxe7 12. Kf2 g6 13. Nh3 Nh7 14. Bc4 d5 {½-½ (41) Maghsoodloo,P 
(2706) -Aronian,L (2782) Kolkata 2021}) 9. Nd2 Nd8 10. Nf3 {[%cal Bd2f3,Bf3e1,
Be1g2,Bg2f4][%mdl 32]} Qxe2+ 11. Bxe2 Bd6 12. O-O O-O 13. Bd3 Re8 14. Re1 Rxe1+
15. Nxe1 Ne6 16. Nxe6 Bxe6 17. g3 g6 18. Ng2 Re8 19. f3 Nh5 20. Kf2 c6 21. g4
Ng7 22. Bf4 Bxf4 23. Nxf4 g5 24. Ne2 {[%cal Oh2h4]} f5 25. h3 Kf7 26. Rh1 h6
27. f4 fxg4 28. hxg4 Bxg4 29. Rxh6 {[#] Threatens to win with Bg6+.} Bf5 {
Inhibits Bg6+.} 30. Bxf5 Nxf5 $11 {[%mdl 4096] Endgame KRN-KRN} 31. Rh7+ Ng7
32. fxg5 {Nf4 is the strong threat.} Kg6 {[%csl Bg5,Bh7]} 33. Rh3 Kxg5 34. Rg3+
Kf6 35. Rf3+ Ke7 36. Nf4 Kd6 37. Ng6 Re6 38. Ne5 Ne8 39. Rf7 {[%csl Ge5][%cal
Rf7d7] [#]} Rf6+ 40. Rxf6+ Nxf6 41. Ke3 {An uneventful encounter. Weighted
Error Value: White=0.03 (flawless) /Black=0.02 (flawless)} 1/2-1/2

[Event "WCh 2021"]
[Site "Dubai UAE"]
[Date "2021.12.10"]
[Round "11"]
[White "Nepomniachtchi, Ian"]
[Black "Carlsen, Magnus"]
[Result "0-1"]
[WhiteElo "2782"]
[BlackElo "2855"]
[Annotator "Crowther,Mark"]
[PlyCount "98"]
[EventDate "2021.??.??"]

{[%evp 0,98,26,44,89,5,53,-21,40,-57,15,-76,24,-45,34,-54,2,16,30,-4,-1,5,9,15,
33,20,23,12,15,19,18,16,19,22,26,0,10,-6,4,-19,-12,-39,-30,-24,-9,-25,-11,-243,
-243,-243,-243,-243,-243,-171,-171,-239,-205,-215,-211,-143,-110,-103,-98,-112,
-118,-118,-120,-116,-118,-114,-125,-133,-129,-152,-160,-163,-161,-196,-195,
-202,-213,-201,-225,-225,-249,-249,-249,-249,-249,-308,-308,-367,-367,-361,
-361,-396,-406,-448,-469,-470,-476]} 1. e4 e5 2. Nf3 Nc6 3. Bc4 Nf6 4. d3 Bc5
5. c3 d6 6. O-O a5 {de acordo com meu banco de dados 0-0, h6, a6 e este
movimento são pontos-chave de discussão em 2021.} ({Relevante:} 6... h6 7.
Re1 O-O 8. b4 Bb6 9. Nbd2 Ne7 10. Bb3 a5 11. Nc4 Be6 12. Nxb6 cxb6 13. Bxe6
fxe6 14. Qb3 Qd7 15. Be3 a4 16. Qc2 b5 17. Rad1 Qc6 18. a3 Rac8 19. Qa2 Qd7 20.
c4 Ng6 21. h3 Nh5 22. Nh2 Nhf4 23. Nf1 Qe7 24. Kh2 Nh4 25. Bxf4 exf4 26. f3 Rf6
27. cxb5 Rg6 28. Re2 Qg5 29. Rf2 Qxb5 30. Qd2 Rxg2+ {0-1 (30) Svidler,P (2694)
-Nakamura,H (2736) Chess.com INT 2021}) 7. Re1 Ba7 8. Na3 (8. h3 {foi jogado
no jogo de mais alto nível nesta posição.} O-O 9. Na3 Be6 10. Bg5 h6 11. Bh4
g5 12. Bg3 Nh5 13. Kh2 Qf6 14. Nb5 Bb6 15. b3 Rad8 16. d4 Bc8 17. Nxe5 Nxg3 18.
Nxf7 Rxf7 19. Bxf7+ Qxf7 20. fxg3 Rf8 21. Na3 Ba7 22. Nc4 Ne7 23. Qd3 a4 24.
Rf1 Qg7 25. Rxf8+ Qxf8 26. Rf1 Qg7 27. e5 dxe5 28. Nxe5 Be6 29. Qb5 axb3 30.
axb3 Bb6 31. Qe8+ Kh7 32. Ng4 Bg8 33. Nf6+ Kh8 34. Nxg8 {1-0 (34) Eljanov,P 
(2691)-Hovhannisyan,R (2622) Riga 2021}) 8... h6 9. Nc2 O-O {[#]} 10. Be3 $146
({Predecessor:} 10. a4 Ne7 11. d4 d5 12. exd5 exd4 13. d6 Nf5 14. Ncxd4 Nxd4
15. Nxd4 Qxd6 16. Nb5 Qc5 17. Qd4 Qxb5 18. axb5 Bxd4 19. cxd4 Rd8 20. Ra4 Bf5
21. Bd2 Nd5 22. Rxa5 Rxa5 23. Bxa5 Be6 24. Rc1 Nf4 25. Bf1 Rxd4 26. Bxc7 Nd3
27. Rd1 Rd7 28. Bxd3 Rxc7 29. Be4 Kf8 30. f3 f5 31. b6 Rf7 32. Bc6 Rf6 33. Rd8+
Ke7 34. Rb8 Bd7 35. Bxd7 Kxd7 36. Rxb7+ Kc6 37. Rxg7 Kxb6 38. Rd7 Kc6 39. Rd2 {
1-0 (39) Saric,I (2646)-Yankelevich,L (2461) Skalica 2020}) 10... Bxe3 11. Nxe3
Re8 12. a4 Be6 13. Bxe6 (13. Bb5 {era a única maneira de tentar uma vantagem
de acordo com Caruana, embora também neste caso a posição deve estar
próxima da igualdade.}) 13... Rxe6 14. Qb3 b6 15. Rad1 Ne7 16. h3 Qd7 17. Nh2
Rd8 18. Nhg4 Nxg4 19. hxg4 d5 20. d4 {Forçando o ritmo, mas Carlsen tem uma
sequência precisa para empatar.} exd4 21. exd5 Re4 {Forçado e negro precisa
ter tudo planejado. 22. Qc2 Rf4 O único movimento para manter a igualdade
para os negros.} 22. Qc2 Rf4 {O único movimento para manter a igualdade para
os negros.} 23. g3 $4 {Equivalente a renunciar ao jogo. É muito difícil
saber o que estava acontecendo na mente de Nepomniachtchi aqui.} (23. Rxd4 Rxd4
24. cxd4 Nxd5 25. Nxd5 Qxd5 26. Qxc7 Qxd4 27. b3 Qf6 $11 {with a draw.}) 23...
dxe3 24. gxf4 Qxg4+ 25. Kf1 Qh3+ 26. Kg1 Nf5 (26... Qg4+ {tornando a decisão
ainda mais intrigante é que o preto tem um empate fácil aqui se ele quiser,
então o movimento de Nepomniachtchi não foi sequer uma tentativa vencedora.})
(26... exf2+ 27. Qxf2 Rd6 {Também ganha}) 27. d6 {The only try.} Nh4 (27...
Qg4+ 28. Kf1 cxd6) 28. fxe3 Qg3+ 29. Kf1 Nf3 30. Qf2 Qh3+ 31. Qg2 Qxg2+ 32.
Kxg2 Nxe1+ 33. Rxe1 Rxd6 {Carlsen joga extremamente seguro - convertendo-se em
um final de Rook e Pawn vencedor.} 34. Kf3 Rd2 35. Rb1 g6 36. b4 axb4 37. Rxb4
Ra2 38. Ke4 h5 39. Kd5 Rc2 40. Rb3 h4 41. Kc6 h3 42. Kxc7 h2 43. Rb1 Rxc3+ 44.
Kxb6 Rb3+ {O final de Queen vs Rook também é uma vitória trivial.} 45. Rxb3
h1=Q 46. a5 Qe4 47. Ka7 Qe7+ 48. Ka8 Kg7 49. Rb6 Qc5 0-1